000 00620nam a22001937a 4500
005 20240614125713.0
010 _aENG-140619
020 _c595.00
_a9789357050166
035 _aEN-124151
037 _bDBAD
082 _a340.11
_24
100 _aBhardwaj, AP
_967526
245 _a2023-2024 Legal Aptitude Workbook/
_cBy AP Bhardwaj
250 _a4
260 _aNoida
_bPearson India Education Pvt Ltd
_c2024
270 _a1st Floor, Berger Tower, Plot No. C-001/2, Sector 16B
_bNoida
_e201301
_mcompanysecretary.india@pearson.com
300 _avp.
_c25cm(pbk)
942 _2ddc
_cEN
_h340.11
_mBHA
_e4
999 _c203609
_d203609